[Event "Bayernliga U20 1819"]
[Site "Bayern"]
[Date "2019.01.26"]
[Round "5.3"]
[White "Haschemi, Said Habieb"]
[Black "Stoeckl, Maximilian"]
[Result "1-0"]
[WhiteElo "1607"]
[BlackElo "1708"]
[PlyCount "133"]
[EventDate "2018.11.17"]
[EventType "team-tourn"]
[EventRounds "6"]
[EventCountry "GER"]
[SourceTitle "EXT 2022"]
[Source "ChessBase"]
[SourceDate "2021.10.06"]
[SourceVersion "1"]
[SourceVersionDate "2021.10.06"]
[SourceQuality "1"]
[WhiteTeam "Fuerth SG U20"]
[BlackTeam "Schwandorf U20"]
[WhiteTeamCountry "GER"]
[BlackTeamCountry "GER"]

1. b3 d5 2. Bb2 Bg4 3. Nf3 Nd7 4. e3 Ngf6 5. d4 e6 6. c4 Bb4+ 7. Nc3 c5 8. Be2 Qa5 9. Qc2 Ne4 10. Rc1 Rc8 11. a3 Bxc3+ 12. Bxc3 Nxc3 13. Qxc3 Qxc3+ 14. Rxc3 cxd4 15. Nxd4 Bxe2 16. Kxe2 dxc4 17. Nb5 Ke7 18. Nxa7 Ra8 19. Nb5 cxb3 20. Rxb3 Rhc8 21. Nd4 b6 22. Kd2 Ne5 23. Rc1 Rxc1 24. Kxc1 Ng4 25. f3 Nxh2 26. Kd1 Nf1 27. Ne2 g5 28. Ke1 Nh2 29. Kf2 g4 30. Nd4 Ra6 31. Kg1 g3 32. Ne2 h5 33. Nxg3 Ng4 34. fxg4 hxg4 35. Ne4 f5 36. Nd2 Kd6 37. Kf2 Kc5 38. Kg3 b5 39. e4 Ra4 40. exf5 exf5 41. Kh4 Rf4 42. g3 Rf2 43. Nb1 Kc4 44. Rb4+ Kc5 45. Nc3 Rf3 46. Nxb5 Rf1 47. Nd4 Kd5 48. Kg5 Ke5 49. a4 Rf2 50. a5 Ra2 51. Nxf5 Rxa5 52. Kxg4 Ra1 53. Kg5 Rf1 54. Rf4 Rg1 55. g4 Rg2 56. Nh6 Rg1 57. Rf5+ Ke6 58. Rf6+ Ke7 59. Kg6 Rg2 60. g5 Ke8 61. Rf5 Ra2 62. Kh7 Ra7+ 63. Rf7 Ra6 64. g6 Re6 65. g7 Rxh6+ 66. Kxh6 Kxf7 67. Kh7 1-0

[Event "GER-chT U12"]
[Site "Magdeburg"]
[Date "2018.12.28"]
[Round "3.1"]
[White "Haschemi, Said Habieb"]
[Black "Kageler, Anton Paul"]
[Result "1-0"]
[WhiteElo "1571"]
[BlackElo "1480"]
[PlyCount "89"]
[EventDate "2018.12.27"]
[EventType "team-swiss"]
[EventRounds "7"]
[EventCountry "GER"]
[SourceTitle "CBM 188 Extra"]
[Source "ChessBase"]
[SourceDate "2019.02.26"]
[SourceVersion "1"]
[SourceVersionDate "2019.02.26"]
[SourceQuality "1"]
[WhiteTeam "Fuerth"]
[BlackTeam "Halle Roter Turm"]
[WhiteTeamCountry "GER"]
[BlackTeamCountry "GER"]

1. b3 e5 2. Bb2 Nc6 3. e3 Nf6 4. Nf3 e4 5. Nd4 Nxd4 6. Bxd4 c5 7. Bb2 d5 8. d4 exd3 9. Bxd3 Be7 10. 0-0 0-0 11. c4 Be6 12. Qc2 d4 13. exd4 cxd4 14. Nd2 Rc8 15. Nf3 Bc5 16. Rfd1 Qb6 17. Nxd4 Bg4 18. Nf3 Bxf3 19. gxf3 h6 20. Kh1 Nh5 21. Rg1 Bxf2 22. Rg4 Rfe8 23. Qc3 f6 24. Bg6 Re5 25. Qd2 Be3 26. Bf7+ Kh8 27. Qd7 Rd8 28. Qxd8+ Qxd8 29. Bxe5 fxe5 30. Bxh5 Qf6 31. Re4 Bf4 32. Re2 Qh4 33. Bg6 Qh3 34. Be4 Bg5 35. Bxb7 Bf6 36. Rd1 Kh7 37. Be4+ g6 38. c5 Qc8 39. c6 h5 40. Rg2 Bh4 41. Rxg6 Kh8 42. Rd7 Bd8 43. Rh6+ Kg8 44. Bd5+ Kf8 45. Rh8# 1-0